हिन्दुस्तान में उर्दू (Record no. 1235743)

MARC details
000 -LEADER
fixed length control field 00911nam a2200241Ia 4500
005 - DATE AND TIME OF LATEST TRANSACTION
control field 20250108125118.0
008 - FIXED-LENGTH DATA ELEMENTS--GENERAL INFORMATION
fixed length control field 008 250107s9999 xx 000 0 hin d
020 ## - INTERNATIONAL STANDARD BOOK NUMBER
International Standard Book Number 9978-93-91570-62-0
037 ## - SOURCE OF ACQUISITION
Stock number TB
040 ## - CATALOGING SOURCE
Original cataloging agency CRL
Language of cataloging hin
Transcribing agency CRL
041 ## - LANGUAGE CODE
Language code of text/sound track or separate title urh
Source of code hin
084 ## - COLON CLASSIFICATION NUMBER
Classification number V271:51(J).N47 Q5
084 ## - COLON CLASSIFICATION NUMBER
Assigning agency CRL
100 ## - MAIN ENTRY--PERSONAL NAME
Personal name हनफी, मुजफ्फर, ले.
245 #0 - TITLE STATEMENT
Title हिन्दुस्तान में उर्दू
Statement of responsibility, etc. हनफी, मुजफ्फर, ले.
260 ## - PUBLICATION, DISTRIBUTION, ETC.
Place of publication, distribution, etc. नई दिल्ली, भारत
Name of publisher, distributor, etc. मुजफ्फर हनफी मेमोरियल सोसाईटी
Date of publication, distribution, etc. 3355
300 ## - PHYSICAL DESCRIPTION
Extent 308पृ0
365 ## - TRADE PRICE
Price type code INR
Price amount 995
546 ## - LANGUAGE NOTE
Language note Translated from Urdu to Hindi
650 ## - SUBJECT ADDED ENTRY--TOPICAL TERM
Topical term or geographic name entry element उर्दू कविताउर्दू साहित्य
9 (RLIN) 729877
942 ## - ADDED ENTRY ELEMENTS (KOHA)
Koha item type Textbook
Classification part V271:51(J).N47 Q5
Holdings
Withdrawn status Lost status Damaged status Not for loan Home library Current library Date acquired Source of acquisition Cost, normal purchase price Total Checkouts Full call number Barcode Date last seen Price effective from Koha item type
        Central Library Central Library 2025-01-08 Gift, 10/10/2024, 995.00   O168,1N36x 152R3 CL1699367 2025-01-08 2025-01-08 Textbook
Copyright @ Delhi University Library System